000 00542nam a2200181Ia 4500
008 090124s9999 xx 000 0 und d
082 _b128437
100 _aमहाजन छाया
245 _a नकळत ( लघुत्तमकथा )
250 _a1
260 _c1991
300 _a79
600 _aमहाजन छाया
630 _a नकळत ( लघुत्तमकथा )
700 _aमहाजन छाया
730 _a नकळत ( लघुत्तमकथा )
942 _cBOOK
999 _c174526
_d174526